| 000 | 00724nam a2200229Ia 4500 | ||
|---|---|---|---|
| 003 | OSt | ||
| 005 | 20260108165339.0 | ||
| 008 | 210716s2003 xx 000 0 und d | ||
| 020 | _a8178085321 | ||
| 040 | _cAIMIT LIBRARY | ||
| 041 | _aeng | ||
| 082 |
_a006.42 _21 _bHALF |
||
| 100 |
_aHalsall, Fred. _9250796 |
||
| 245 |
_aMultimedia communications : _bapplications networks protocols and standards / _cBy Fred Halsall. |
||
| 250 | _a1st ed. | ||
| 260 |
_aNew Delhi : _bPearson Education , _c2003. |
||
| 300 |
_axx,1034p. ; _bPB _c24.4 cm |
||
| 650 |
_aMultimedia communications _9250797 |
||
| 650 |
_aDigital communication basics _9250798 |
||
| 650 |
_aEnterprise network _9250799 |
||
| 942 |
_2ddc _cBK _e1st _k006.42 HALF |
||
| 999 |
_c185946 _d185946 |
||